00553cam a22001577a 4500008004000000082001500040100002700055245004600082260003700128300001400165500007400179650002600253650001100279999001900290952008600309180718b1993 xxu||||| |||| 00| 0 eng d aB3x73 P961 aStraussman, Jeffrey D. aThe impact of courts on public management aSan FranciscobJossey-Bassc1993 ap.189-205 a[In] Public management: the state of the art, edited by Barry Bozeman aPublic Administration aCourts c376085d376085 00104070aIIPAbIIPAd1994-09-07oB3x73 P961pCB628r2018-07-21w2018-07-21yCB